000 00297nam a22001337a 4500
008 170612b xxu||||| |||| 00| 0 eng d
020 _a9780262581974
041 _aeng
080 _a94(7/8)
100 _a19
101 _aSHH
245 _aTERRORISM AND AMERICA
_cHEYMANN, P.B
942 _2udc
_cBK
999 _c17013
_d17013